00485nam a2200193Ia 4500008004100000020002100041050001700062050001400079245003800093245003500131250002600166260001300192260001700205260000900222300001600231300001100247500001900258650001400277180523s9999 xx 000 0 und d a978-007-126379-5 aMAIN HF 5667 b.A93 2006 0aAuditing and assurance services / 0cAasmund Eilifsen… [[et al].] aInternational Edition aCanada : bMcGraw-Hill, c2007 a678 pages : c24 cm. aInclude index. aAuditing.